| 000 | 00794nam a22002297a 4500 | ||
|---|---|---|---|
| 999 |
_c10479 _d10479 |
||
| 003 | AR-CdUCM | ||
| 008 | 190401b ||||| |||| 00| 0 spa d | ||
| 040 |
_aMUNICIPALIDAD PROVINCIAL DEL CUSCO _cBIBLIOTECA MUNICIPAL DEL CUSCO |
||
| 082 |
_a869.56 / _bSA187O |
||
| 100 |
_aSamaniego, Antenor _91771 |
||
| 245 |
_aOligarcas de poncho y foete : _bCuentos / |
||
| 260 |
_aLima : _bAmauta, _c1966. |
||
| 300 |
_a142 páginas ; _c20 cm. |
||
| 500 | _aDonación de la familia Nieto. Dedicatoria a Luis Nieto. | ||
| 505 | _aContenido: El campeón del colmillo -- Poeta agreste y guerrillero -- El cóndor devorador del niño ... | ||
| 650 |
_aLiteratura Peruana _9132 |
||
| 650 |
_aPerú _935 |
||
| 650 |
_aCuentos Peruanos _933 |
||
| 650 |
_aSiglo XX _98 |
||
| 942 |
_2ddc _cLIBROS |
||
| 945 | _acmm | ||